| 000 | 00538nam a22001817a 4500 | ||
|---|---|---|---|
| 008 | 200917b xxu||||| |||| 00| 0 eng d | ||
| 020 | _a0128154793 | ||
| 050 |
_aQA297 _b.A88 2019 |
||
| 100 | _aAttaway, Stormy | ||
| 245 |
_aMatlab : _ba practical guide to programming and problem solving / _cStormy Attaway |
||
| 250 | _a5th ed. | ||
| 260 |
_aUK _bButterworth Heinemann _c2019 |
||
| 300 | _axxii, 604p. | ||
| 650 | _aMatlab | ||
| 650 |
_aNumerical analysis _vData processing |
||
| 650 | _aComputer processing | ||
| 942 |
_2lcc _cBK |
||
| 999 |
_c18504 _d18504 |
||